The false prison : a study of the development of Wittgenstein's philosophy /

Bibliographic Details
Main Author: Pears, David, 1921-2009
Format: Book
Language:English
Published: Oxford [Oxfordshire] : New York : Clarendon Press ; Oxford University Press, 1987-
Subjects:

MARC

Tag First Indicator Second Indicator Subfields
LEADER 00000cam a2200000 a 4500
001 in00000009644
005 20151007051630.0
008 870217m19879999enk b 00110 eng
010 |a  87005566  
020 |a 0198247710 (v. 1) :  |c £17.50 (est.) ($27.00 U.S.) 
020 |a 0198247702 (pbk. : v. 1) :  |c £6.95 (est.) ($10.50 U.S.) 
035 |a (OCoLC)15281890 
035 |9 AAA4017AM 
040 |a DLC  |c DLC  |d TXA  |d UtOrBLW 
049 |a TXAM  |v 1 [A11030625]  |v 2 [A11710801] 
050 0 0 |a B3376.W564  |b P35 1987 
082 0 |a 192  |2 19 
100 1 |a Pears, David,  |d 1921-2009. 
245 1 4 |a The false prison :  |b a study of the development of Wittgenstein's philosophy /  |c David Pears. 
264 1 |a Oxford [Oxfordshire] :  |b Clarendon Press ;  |a New York :  |b Oxford University Press,  |c 1987- 
300 |a volumes ;  |c 22 cm. 
336 |a text  |b txt  |2 rdacontent 
337 |a unmediated  |b n  |2 rdamedia 
338 |a volume  |b nc  |2 rdacarrier 
504 |a Bibliography: volume 1, pages [197]-199. 
500 |a Includes index. 
600 1 0 |a Wittgenstein, Ludwig,  |d 1889-1951. 
999 |a MARS 
999 f f |s a83b9878-c4cd-321f-98db-65e397ab28eb  |i 3b2ed8d5-31d7-32c7-9101-0af8f46b6392  |t 0 
952 f f |p normal  |a Texas A&M University  |b College Station  |c Sterling C. Evans Library  |d Evans: Library Stacks  |t 0  |e B3376.W564 P35 1987  |h Library of Congress classification  |i unmediated -- volume  |k v.2  |m A14811710801 
952 f f |p normal  |a Texas A&M University  |b College Station  |c Sterling C. Evans Library  |d Evans: Library Stacks  |t 0  |e B3376.W564 P35 1987  |h Library of Congress classification  |i unmediated -- volume  |k v.1  |m A14811030625 
998 f f |a B3376.W564 P35 1987  |s v.1-v.2  |t 0  |l Evans: Library Stacks